| 000 | 00668cam a2200253 4500 | ||
|---|---|---|---|
| 008 | 090401t1998 xxu||||| |||| 00| 0 eng d | ||
| 020 | _a0750634073 | ||
| 035 | _a(Sirsi) u84782 | ||
| 041 | _aeng | ||
| 050 | _a692.5 | ||
| 100 | _aBrook, Martin | ||
| 245 | _aEstimating and tendering for construction work. | ||
| 250 | _a2nd ed. | ||
| 260 |
_bButterworth Heinemann _c1998 |
||
| 300 | _axiv,290p. : ill. ; 24cm. | ||
| 350 | _a19.99 | ||
| 520 | _aSUPERSEDED BY THIRD EDITION, 2004 (ISBN 0750658649) | ||
| 650 | _aCONTRACTORS | ||
| 650 | _aESTIMATING | ||
| 650 | _aTENDERING | ||
| 690 |
_aQuantity surveying _96263 |
||
| 942 | _n0 | ||
| 948 | _c10/03/1998 | ||
| 999 |
_c96976 _d96976 |
||